[Event "Aaronson Masters 1st"]
[Site "London"]
[Date "1978.03.23"]
[Round "1"]
[White "Littlewood, Paul E"]
[Black "Middleton, Ervin R"]
[Result "1-0"]
[WhiteElo "2345"]
[BlackElo "2295"]
[PlyCount "119"]
[EventDate "1978.03.23"]
[EventType "swiss"]
[EventRounds "10"]
[EventCountry "ENG"]
[SourceTitle "BritBase"]
[Source "John Saunders"]
[SourceDate "2023.12.16"]
[SourceVersion "1"]
[SourceVersionDate "2023.12.16"]
[SourceQuality "1"]

1. e4 c5 2. Nf3 Nc6 3. Bb5 g6 4. O-O Bg7 5. c3 a6 6. Ba4 b5 7. Bc2 d5 8. a4 Rb8
9. axb5 axb5 10. d3 d4 11. cxd4 cxd4 12. Bb3 Nf6 13. Bf4 Rb6 14. Ne5 Nxe5 15.
Bxe5 O-O 16. Qc1 Ne8 17. Bxg7 Nxg7 18. Ra8 Qd7 19. Na3 Qb7 20. Bd5 Qd7 21. Qc5
Ra6 22. Rb8 Ne6 23. Bxe6 Rxe6 24. Nxb5 Ba6 25. Rxf8+ Kxf8 26. Nxd4 Rd6 27. Nf3
Bxd3 28. Re1 Qb7 29. Qc3 Kg8 30. e5 Rd5 31. h3 Bf5 32. Nd4 Qd7 33. Nc6 Rd3 34.
Qc5 Kf8 35. b4 Rd2 36. b5 Rc2 37. Qb4 Qd2 38. Qxe7+ Kg8 39. Qd8+ Qxd8 40. Nxd8
Rb2 41. Nc6 Bd3 42. Rd1 Bxb5 43. Rd8+ Kg7 44. Ne7 Re2 45. Rg8+ Kh6 46. f4 Kh5
47. Kh2 Bc4 48. Rh8 Kh6 49. Rc8 Bd3 50. Ng8+ Kg7 51. Nf6 h5 52. Kg3 Be4 53. Kh4
Rf2 54. g3 Bf5 55. Rg8+ Kh6 56. g4 hxg4 57. hxg4 Rxf4 58. Rh8+ Kg7 59. Rh7+ Kf8
60. Kg5 {Source: Paul Littlewood} 1-0

[Event "Aaronson Masters 1st"]
[Site "London"]
[Date "1978.03.23"]
[Round "1"]
[White "Clark, Gary M"]
[Black "Harding, Timothy David"]
[Result "1-0"]
[WhiteElo "2130"]
[BlackElo "2230"]
[Annotator "Harding,T"]
[PlyCount "117"]
[EventDate "1978.03.23"]
[EventType "swiss"]
[EventRounds "10"]
[EventCountry "ENG"]
[SourceTitle "Tim Harding"]
[Source "Tim Harding"]
[SourceDate "2023.12.23"]
[SourceVersion "1"]
[SourceVersionDate "2023.12.23"]
[SourceQuality "1"]

1. e4 e6 2. d4 d5 3. Nc3 Nf6 4. Bg5 Bb4 {Another McCutcheon accident} 5. e5 h6
6. Bd2 Bxc3 7. bxc3 Ne4 8. Qg4 g6 9. h4 c5 10. Bd3 Nxd2 11. Kxd2 Nc6 12. Rh3
cxd4 13. cxd4 Qb6 14. Ne2 Qb4+ 15. Kd1 Nxe5 16. Qf4 Nxd3 17. Rxd3 b6 18. h5 Qe7
19. hxg6 fxg6 20. Rc3 Rh7 21. Kd2 Qg5 22. Rh1 Qxf4+ 23. Nxf4 Kf7 24. Nd3 Ba6
25. Ne5+ Kg8 26. Nxg6 Rc8 27. Rg3 Kf7 28. Rh4 Ke8 29. Ne5 Rhc7 30. Rg8+ Ke7 31.
Rxc8 Bxc8 32. Rxh6 Kd6 33. g4 Rg7 34. g5 Ke7 35. f4 Bd7 36. Ke3 Ba4 37. Kd2 Bb5
38. Rh8 Bf1 39. Ra8 Kd6 40. Rd8+ Kc7 41. Rf8 Bh3 42. Ke3 Bf5 43. c3 Kd6 44. Rc8
Ke7 45. Kf3 Kd6 46. Kg3 Rb7 47. a3 b5 48. Rd8+ Ke7 49. Nc6+ Kf7 50. Ra8 Rb6 51.
Rxa7+ Ke8 52. Ne5 Rb8 53. g6 Rc8 54. Kh4 Rxc3 55. Kg5 Rc8 56. g7 Bh7 57. Kf6
Bg8 58. Re7+ Kd8 59. Nf7+ {Source: Tim Harding} 1-0

[Event "Aaronson Masters 1st"]
[Site "London"]
[Date "1978.03.23"]
[Round "1"]
[White "Short, Nigel D"]
[Black "Blow, Ronald"]
[Result "1-0"]
[WhiteElo "2225"]
[BlackElo "2230"]
[PlyCount "113"]
[EventDate "1978.03.23"]
[EventType "swiss"]
[EventRounds "10"]
[EventCountry "ENG"]
[SourceTitle "BritBase"]
[Source "John Saunders"]
[SourceDate "2023.12.16"]
[SourceVersion "1"]
[SourceVersionDate "2023.12.16"]
[SourceQuality "1"]

1. e4 c5 2. Nf3 Nc6 3. Bb5 d6 4. O-O Bd7 5. Re1 g6 6. c3 Bg7 7. h3 Nf6 8. d4
O-O 9. Bf1 Qc7 10. d5 Ne5 11. Nxe5 dxe5 12. c4 Ne8 13. Bg5 f6 14. Be3 Nd6 15.
Nc3 a6 16. a4 f5 17. exf5 gxf5 18. f4 e4 19. Qc2 b6 20. Qf2 Rfc8 21. Be2 Rab8
22. Rec1 Qd8 23. Kh1 Qf8 24. Rc2 Bf6 25. Rb1 Qg7 26. Rg1 Qh6 27. Kh2 Kf7 28. g3
Rg8 29. a5 Bxc3 30. Rxc3 bxa5 31. Bxc5 Rxb2 32. Bh5+ Qxh5 33. Qxb2 Qg6 34. Qb6
Rc8 35. Qa7 Ke8 36. Rb1 Qh5 37. Rb2 Qd1 38. Bxd6 exd6 39. Qxa6 Qd4 40. Rcc2 Qc5
41. Qb6 a4 42. Qxc5 Rxc5 43. Ra2 Kd8 44. Kg2 Kc7 45. Kf2 Kb6 46. Ke3 Ka5 47.
Kd4 Bc8 48. Rc3 Kb4 49. Rb2+ Ka5 50. Rb8 Ba6 51. g4 fxg4 52. hxg4 e3 53. Kxe3
Bxc4 54. Kd4 Ba6 55. Rxc5+ dxc5+ 56. Kxc5 a3 57. d6 1-0

[Event "Aaronson Masters 1st"]
[Site "London"]
[Date "1978.03.23"]
[Round "1"]
[White "Webb, Simon"]
[Black "Supancic, Darko"]
[Result "1-0"]
[WhiteElo "2445"]
[BlackElo "2335"]
[PlyCount "105"]
[EventDate "1978.03.23"]
[EventType "swiss"]
[EventRounds "10"]
[EventCountry "ENG"]
[SourceTitle "BritBase"]
[Source "John Saunders"]
[SourceDate "2023.12.16"]
[SourceVersion "1"]
[SourceVersionDate "2023.12.16"]
[SourceQuality "1"]

1. Nf3 c5 2. c4 Nf6 3. Nc3 Nc6 4. d4 cxd4 5. Nxd4 d6 6. g3 g6 7. Bg2 Bd7 8. O-O
Bg7 9. b3 O-O 10. Bb2 Rc8 11. Rc1 a6 12. Qd2 Qa5 13. Rfd1 Rfe8 14. Na4 Qxd2 15.
Rxd2 Nxd4 16. Bxd4 Bxa4 17. bxa4 b5 18. axb5 axb5 19. Rdc2 bxc4 20. Rxc4 Rxc4
21. Rxc4 e5 22. Ba7 d5 23. Rc7 Ra8 24. a4 Bf8 25. a5 e4 26. e3 Ne8 27. Rd7 Nd6
28. Bf1 Nc4 29. Rxd5 Rxa7 30. Bxc4 Kg7 31. Rb5 Bd6 32. Rd5 Rc7 33. Rxd6 Rxc4
34. g4 Ra4 35. a6 g5 36. Kg2 Ra2 37. Kg3 Ra1 38. h4 h6 39. h5 Rg1+ 40. Kh2 Ra1
41. Kg2 Ra2 42. Rb6 Ra1 43. Rc6 Ra2 44. Kf1 Ra1+ 45. Ke2 Ra2+ 46. Ke1 Ra1+ 47.
Kd2 Ra2+ 48. Kc3 Rxf2 49. Kb3 Rf1 50. Rc2 Rb1+ 51. Rb2 Ra1 52. Ra2 Rb1+ 53. Kc4
1-0

[Event "Aaronson Masters 1st"]
[Site "London"]
[Date "1978.03.23"]
[Round "1"]
[White "Hartston, William Roland"]
[Black "Garbett, Paul Anthony"]
[Result "1-0"]
[WhiteElo "2475"]
[BlackElo "2310"]
[PlyCount "100"]
[EventDate "1978.03.23"]
[EventType "swiss"]
[EventRounds "10"]
[EventCountry "ENG"]
[SourceTitle "BritBase"]
[Source "John Saunders"]
[SourceDate "2023.12.16"]
[SourceVersion "1"]
[SourceVersionDate "2023.12.16"]
[SourceQuality "1"]

1. d4 Nf6 2. c4 e6 3. Nc3 Bb4 4. g3 c5 5. Nf3 Ne4 6. Qd3 Qa5 7. Qxe4 Bxc3+ 8.
Bd2 Bxd2+ 9. Nxd2 cxd4 10. Qxd4 O-O 11. Bg2 Qc7 12. O-O Nc6 13. Qc3 d6 14. Rfd1
Rd8 15. Rac1 e5 16. Ne4 Bg4 17. Qd3 Bh5 18. Nc3 Qa5 19. Be4 Bg6 20. a3 Rd7 21.
e3 Ne7 22. Qe2 Rc8 23. h4 Bxe4 24. Nxe4 Rcd8 25. b4 Qxa3 26. Ra1 Qxb4 27. Rdb1
Qxb1+ 28. Rxb1 b6 29. Rd1 h6 30. g4 f6 31. Kh2 f5 32. gxf5 Nxf5 33. Qg4 Rf7 34.
Ng3 Rdf8 35. Rd2 Rf6 36. Nxf5 Rxf5 37. Kg3 R5f6 38. Qe4 R8f7 39. f3 Rc7 40. f4
Rc5 41. Rf2 exf4+ 42. exf4 Ra5 43. Re2 Rc5 44. Qa8+ Rf8 45. Re8 Rxe8 46. Qxe8+
Kh7 47. Qe4+ Kh8 48. Qe6 a5 49. Qxd6 a4 50. Qxb6 Rxc4 1-0

[Event "Aaronson Masters 1st"]
[Site "London"]
[Date "1978.03.23"]
[Round "1"]
[White "Kristiansen, Tor"]
[Black "Mestel, A Jonathan"]
[Result "0-1"]
[WhiteElo "2320"]
[BlackElo "2450"]
[PlyCount "88"]
[EventDate "1978.03.23"]
[EventType "swiss"]
[EventRounds "10"]
[EventCountry "ENG"]
[SourceTitle "BritBase"]
[Source "John Saunders"]
[SourceDate "2023.12.16"]
[SourceVersion "1"]
[SourceVersionDate "2023.12.16"]
[SourceQuality "1"]

1. c4 g6 2. Nc3 Bg7 3. g3 e5 4. Bg2 f5 5. e3 Nf6 6. Nge2 O-O 7. b4 d6 8. O-O
Kh8 9. d3 c6 10. Rb1 Nbd7 11. b5 c5 12. Bd2 Qe7 13. a4 Qf7 14. a5 e4 15. dxe4
fxe4 16. Nxe4 Nxe4 17. Bxe4 Qxc4 18. Bg2 Ne5 19. Nf4 Bg4 20. Qb3 Qxb3 21. Rxb3
Nf3+ 22. Bxf3 Bxf3 23. Bc3 Rfe8 24. Bxg7+ Kxg7 25. Rb2 g5 26. Ne2 Re4 27. Nc3
Rc4 28. Rc1 d5 29. Rbc2 b6 30. Nb1 Rb4 31. Nd2 Be2 32. Ra2 Rf8 33. axb6 axb6
34. Rb1 Rxb1+ 35. Nxb1 Bc4 36. Ra6 Rf6 37. Nc3 g4 38. Ra7+ Rf7 39. Rxf7+ Kxf7
40. f4 d4 41. exd4 cxd4 42. Na4 Bxb5 43. Nxb6 d3 44. Kf2 d2 0-1

[Event "Aaronson Masters 1st"]
[Site "London"]
[Date "1978.03.23"]
[Round "1"]
[White "Goichberg, William"]
[Black "Law, Andrew P"]
[Result "0-1"]
[WhiteElo "2525"]
[BlackElo "2345"]
[PlyCount "80"]
[EventDate "1978.03.23"]
[EventType "swiss"]
[EventRounds "10"]
[EventCountry "ENG"]
[SourceTitle "BritBase"]
[Source "John Saunders"]
[SourceDate "2023.12.16"]
[SourceVersion "1"]
[SourceVersionDate "2023.12.16"]
[SourceQuality "1"]

1. e4 c5 2. Nf3 d6 3. d4 cxd4 4. Nxd4 Nf6 5. Nc3 e6 6. Be3 Be7 7. f4 Nc6 8. Qf3
O-O 9. O-O-O Qc7 10. g4 Nxd4 11. Bxd4 e5 12. g5 exd4 13. gxf6 dxc3 14. fxe7
cxb2+ 15. Kb1 Qxe7 16. f5 Bd7 17. Rg1 Qf6 18. Qa3 Bc6 19. Rxd6 Qe5 20. Bd3 Rfe8
21. Rh6 Qd4 22. Rg3 Rac8 23. f6 g6 24. Qxb2 Qxb2+ 25. Kxb2 Bd7 26. Rh4 Re5 27.
Rf4 Bc6 28. c4 Kf8 29. h4 Ke8 30. Rg5 Re6 31. h5 h6 32. Rgg4 g5 33. Rf5 Bd7 34.
e5 Rc5 35. Rfxg5 Rb6+ 36. Kc3 Bxg4 37. Rg8+ Kd7 38. Rxg4 Rxe5 39. Rg7 Rxf6 40.
Kd4 Rxh5 0-1

[Event "Aaronson Masters 1st"]
[Site "London"]
[Date "1978.03.23"]
[Round "1"]
[White "Knott, Simon John Bradley"]
[Black "Barasi, Paul David L"]
[Result "0-1"]
[WhiteElo "2205"]
[BlackElo "2000"]
[PlyCount "66"]
[EventDate "1978.03.23"]
[EventType "swiss"]
[EventRounds "10"]
[EventCountry "ENG"]
[SourceTitle "BritBase"]
[Source "John Saunders"]
[SourceDate "2023.12.16"]
[SourceVersion "1"]
[SourceVersionDate "2023.12.16"]
[SourceQuality "1"]

1. c4 Nc6 2. Nc3 e5 3. Nf3 f5 4. d4 e4 5. Bg5 Be7 6. Bxe7 Qxe7 7. Ng1 Nf6 8. e3
O-O 9. Nh3 b6 10. Be2 Bb7 11. O-O Kh8 12. Nf4 Nd8 13. Rc1 Ne6 14. Nfd5 Qd8 15.
b4 c6 16. Nxf6 Rxf6 17. d5 Ng5 18. c5 Rh6 19. dxc6 Bxc6 20. Qd4 f4 21. exf4
Nf3+ 22. Bxf3 Qh4 23. h3 exf3 24. Ne4 fxg2 25. Ng5 gxf1=R+ 26. Kxf1 Rf6 27.
cxb6 axb6 28. Re1 h6 29. b5 Bxb5+ 30. Kg1 hxg5 31. Re7 Qxh3 32. fxg5 Qf1+ 33.
Kh2 Rxf2+ 0-1

[Event "Aaronson Masters 1st"]
[Site "London"]
[Date "1978.03.23"]
[Round "1"]
[White "Baczynskyj, Boris"]
[Black "Bellin, Robert"]
[Result "1-0"]
[WhiteElo "2370"]
[BlackElo "2415"]
[PlyCount "61"]
[EventDate "1978.03.23"]
[EventType "swiss"]
[EventRounds "10"]
[EventCountry "ENG"]
[SourceTitle "BritBase"]
[Source "John Saunders"]
[SourceDate "2023.12.16"]
[SourceVersion "1"]
[SourceVersionDate "2023.12.16"]
[SourceQuality "1"]

1. e4 e5 2. Nf3 Nc6 3. Bb5 a6 4. Ba4 Nf6 5. O-O Nxe4 6. d4 b5 7. Bb3 d5 8. dxe5
Be6 9. Be3 Be7 10. Nbd2 O-O 11. c3 Nxd2 12. Qxd2 Na5 13. Bc2 Nc4 14. Qd3 g6 15.
Bh6 Nxb2 16. Qe2 Re8 17. Nd4 Qd7 18. f4 f5 19. g4 Bc5 20. gxf5 gxf5 21. Kh1 Bf8
22. Qh5 Qf7 23. Rg1+ Kh8 24. Qh3 Bxh6 25. Qxh6 c5 26. Nxf5 Bxf5 27. Bxf5 Re7
28. Rg5 ({Not} 28. Rg6 {as given on Big/Mega Database 2020}) 28... d4 29. Rag1
Qf8 30. Be6 d3 31. Qxf8+ 1-0

[Event "Aaronson Masters 1st"]
[Site "London"]
[Date "1978.03.23"]
[Round "1"]
[White "Haik, Aldo"]
[Black "Povah, Nigel Edward"]
[Result "1-0"]
[WhiteElo "2425"]
[BlackElo "2350"]
[PlyCount "61"]
[EventDate "1978.03.23"]
[EventType "swiss"]
[EventRounds "10"]
[EventCountry "ENG"]
[SourceTitle "BritBase"]
[Source "John Saunders"]
[SourceDate "2023.12.16"]
[SourceVersion "1"]
[SourceVersionDate "2023.12.16"]
[SourceQuality "1"]

1. d4 Nf6 2. c4 c5 3. d5 e6 4. Nc3 exd5 5. cxd5 d6 6. e4 g6 7. Bd3 Bg7 8. Nge2
O-O 9. O-O b6 10. h3 Ba6 11. Bg5 Qc8 12. f4 Bxd3 13. Qxd3 Nbd7 14. Kh1 c4 15.
Qf3 Qc5 16. Ng3 Rae8 17. Rae1 b5 18. a3 a5 19. e5 dxe5 20. Nce4 Nxe4 21. Nxe4
Qd4 22. f5 f6 23. Bd2 Qxd5 24. Bxa5 Ra8 25. Rd1 Qc6 26. Bb4 Rfd8 27. Be7 Re8
28. Rd6 Qc7 29. Ng5 Rxe7 30. Qd5+ Kf8 31. Qxa8+ 1-0

[Event "Aaronson Masters 1st"]
[Site "London"]
[Date "1978.03.23"]
[Round "1"]
[White "Silman, Jeremy D"]
[Black "Basman, Michael John"]
[Result "1-0"]
[WhiteElo "2360"]
[BlackElo "2395"]
[PlyCount "53"]
[EventDate "1978.03.23"]
[EventType "swiss"]
[EventRounds "10"]
[EventCountry "ENG"]
[SourceTitle "BritBase"]
[Source "John Saunders"]
[SourceDate "2023.12.16"]
[SourceVersion "1"]
[SourceVersionDate "2023.12.16"]
[SourceQuality "1"]

1. e4 b6 2. d4 Bb7 3. Nd2 e6 4. Ngf3 Nf6 5. Bd3 c5 6. c3 Qc7 7. O-O Be7 8. Re1
O-O 9. Nf1 d6 10. Bg5 Nbd7 11. e5 dxe5 12. dxe5 Nd5 13. c4 Bxg5 14. Nxg5 Nf4
15. Bxh7+ Kh8 16. g3 f6 17. gxf4 fxg5 18. Qh5 Rxf4 19. Bf5+ Kg8 20. Bxe6+ Kf8
21. Qh8+ Ke7 22. Qxg7+ Kxe6 23. Qg6+ Ke7 24. Qxg5+ Ke6 25. Qxf4 Rf8 26. Qh6+
Ke7 27. Rad1 {Source: CHESS, May 1978, p247} 1-0

[Event "Aaronson Masters 1st"]
[Site "London"]
[Date "1978.03.23"]
[Round "1"]
[White "Werner, Dimo"]
[Black "Watson, William Nicholas"]
[Result "1-0"]
[WhiteElo "2255"]
[BlackElo "2145"]
[PlyCount "39"]
[EventDate "1978.03.23"]
[EventType "swiss"]
[EventRounds "10"]
[EventCountry "ENG"]
[SourceTitle "BritBase"]
[Source "John Saunders"]
[SourceDate "2023.12.16"]
[SourceVersion "1"]
[SourceVersionDate "2023.12.16"]
[SourceQuality "1"]

1. e4 c5 2. Nf3 Nc6 3. Bb5 g6 4. O-O Bg7 5. Re1 e5 6. c3 Nge7 7. d4 cxd4 8.
cxd4 Nxd4 9. Nxd4 exd4 10. e5 Nc6 11. Bf4 O-O 12. Nd2 Qa5 13. a4 a6 14. Bf1
Bxe5 15. b4 Qd5 16. Bc4 Qd6 17. Bxe5 Nxe5 18. Ne4 Qxb4 19. Qxd4 d6 20. Bxf7+
1-0

[Event "Aaronson Masters 1st"]
[Site "London"]
[Date "1978.03.23"]
[Round "1"]
[White "Kinlay, Jonathan"]
[Black "Soos, Bela"]
[Result "1/2-1/2"]
[WhiteElo "2300"]
[BlackElo "2425"]
[PlyCount "36"]
[EventDate "1978.03.23"]
[EventType "swiss"]
[EventRounds "10"]
[EventCountry "ENG"]
[SourceTitle "BritBase"]
[Source "John Saunders"]
[SourceDate "2023.12.16"]
[SourceVersion "1"]
[SourceVersionDate "2023.12.16"]
[SourceQuality "1"]

1. e4 c5 2. Nc3 Nc6 3. f4 g6 4. Nf3 Bg7 5. Bc4 d6 6. O-O Nf6 7. d3 O-O 8. f5
gxf5 9. Qe1 fxe4 10. dxe4 Bg4 11. Qg3 Kh8 12. Bg5 Bh5 13. Kh1 Bg6 14. Nh4 Ne5
15. Nxg6+ hxg6 16. Qh4+ Kg8 17. Nd5 Nxc4 18. Rxf6 exf6 1/2-1/2

[Event "Aaronson Masters 1st"]
[Site "London"]
[Date "1978.03.24"]
[Round "2"]
[White "Mestel, A Jonathan"]
[Black "Silman, Jeremy D"]
[Result "1-0"]
[WhiteElo "2450"]
[BlackElo "2360"]
[PlyCount "99"]
[EventDate "1978.03.23"]
[EventType "swiss"]
[EventRounds "10"]
[EventCountry "ENG"]
[SourceTitle "BritBase"]
[Source "John Saunders"]
[SourceDate "2023.12.16"]
[SourceVersion "1"]
[SourceVersionDate "2023.12.16"]
[SourceQuality "1"]

1. e4 c5 2. Nf3 Nc6 3. d4 cxd4 4. Nxd4 g6 5. Nc3 Bg7 6. Nde2 Nf6 7. g3 O-O 8.
Bg2 d6 9. O-O Bd7 10. h3 Rc8 11. Nd5 Nxd5 12. exd5 Ne5 13. a4 Qb6 14. b3 Ng4
15. Ra2 Nf6 16. Be3 Qc7 17. c4 a5 18. Nd4 Rfe8 19. Re1 e5 20. dxe6 fxe6 21. Nb5
Bxb5 22. axb5 Nd7 23. Rd2 Be5 24. f4 Bc3 25. Rxd6 Nc5 26. b6 Qg7 27. Bxc5 Rxc5
28. Rexe6 Rxe6 29. Rxe6 Qd4+ 30. Qxd4 Bxd4+ 31. Kf1 a4 32. Re4 Bf6 33. bxa4 Ra5
34. Re6 Kf7 35. Bd5 Rxa4 36. c5 Rd4 37. Rxf6+ Kxf6 38. Bxb7 Rb4 39. c6 Rxb6 40.
c7 Rb1+ 41. Kf2 Rxb7 42. c8=Q Re7 43. Qh8+ Ke6 44. Kf3 Rd7 45. Kg4 Rf7 46. Kg5
Rf5+ 47. Kh6 Rh5+ 48. Kg7 Rxh3 49. Qxh7 Rxg3 50. Qxg6+ 1-0

[Event "Aaronson Masters 1st"]
[Site "London"]
[Date "1978.03.24"]
[Round "2"]
[White "Ripley, John M"]
[Black "Short, Nigel D"]
[Result "0-1"]
[WhiteElo "2145"]
[BlackElo "2225"]
[PlyCount "82"]
[EventDate "1978.03.23"]
[EventType "swiss"]
[EventRounds "10"]
[EventCountry "ENG"]
[SourceTitle "BritBase"]
[Source "John Saunders"]
[SourceDate "2023.12.16"]
[SourceVersion "1"]
[SourceVersionDate "2023.12.16"]
[SourceQuality "1"]

1. d4 e6 2. c4 Nf6 3. Nc3 Bb4 4. Bg5 c5 5. d5 d6 6. e3 Bxc3+ 7. bxc3 Qe7 8. Bd3
exd5 9. cxd5 Qe5 10. Bb5+ Nbd7 11. Bxf6 Qxf6 12. Ne2 O-O 13. Bxd7 Bxd7 14. O-O
Rfe8 15. Qd2 b5 16. Ng3 a5 17. e4 b4 18. c4 a4 19. Rab1 Rab8 20. Qe3 Qc3 21.
Qxc3 bxc3 22. Rbc1 Rb2 23. Rxc3 Rxa2 24. Rb1 a3 25. Rb7 Ra1+ 26. Nf1 Ra8 27.
Rcb3 g6 28. Rb8+ Rxb8 29. Rxb8+ Kg7 30. Ra8 Kf6 31. f4 g5 32. fxg5+ Ke5 33. Kf2
Kxe4 34. Ra7 a2 35. Ra3 Bg4 36. Ne3 Bh5 37. Nc2 Rd1 38. Rxa2 Rd2+ 39. Kg3 Bd1
40. Nb4 Rxa2 41. Nxa2 Kd3 0-1

[Event "Aaronson Masters 1st"]
[Site "London"]
[Date "1978.03.24"]
[Round "2"]
[White "Supancic, Darko"]
[Black "Flear, Glenn C"]
[Result "1-0"]
[WhiteElo "2335"]
[BlackElo "2240"]
[PlyCount "81"]
[EventDate "1978.03.23"]
[EventType "swiss"]
[EventRounds "10"]
[EventCountry "ENG"]
[SourceTitle "BritBase"]
[Source "John Saunders"]
[SourceDate "2023.12.16"]
[SourceVersion "1"]
[SourceVersionDate "2023.12.16"]
[SourceQuality "1"]

1. e4 e5 2. Nf3 Nc6 3. c3 Nf6 4. d4 exd4 5. e5 Ne4 6. Qe2 f5 7. exf6 d5 8. Nbd2
d3 9. Qe3 Bf5 10. Bxd3 Bc5 11. fxg7 Rg8 12. Nd4 Rxg7 13. Bxe4 dxe4 14. Nxc6
Bxe3 15. Nxd8 Bxd2+ 16. Bxd2 Rxd8 17. g3 Rd3 18. O-O-O Bg4 19. Rde1 Bf3 20.
Rhg1 Kd7 21. h3 h5 22. g4 hxg4 23. hxg4 Rxg4 24. Rxg4 Bxg4 25. Rxe4 Be6 26. b3
a6 27. Rh4 Rf3 28. Be3 Kd6 29. Kd2 c6 30. Rh7 Rf7 31. Rh4 Rf5 32. Rd4+ Ke7 33.
Rb4 Rd5+ 34. Ke2 b5 35. Rh4 Rf5 36. Rh8 a5 37. Ra8 a4 38. bxa4 Bxa2 39. a5 Kd6
40. a6 Bc4+ 41. Ke1 1-0

[Event "Aaronson Masters 1st"]
[Site "London"]
[Date "1978.03.24"]
[Round "2"]
[White "Carleton, John Joseph"]
[Black "Hartston, William Roland"]
[Result "0-1"]
[WhiteElo "2280"]
[BlackElo "2475"]
[PlyCount "80"]
[EventDate "1978.03.23"]
[EventType "swiss"]
[EventRounds "10"]
[EventCountry "ENG"]
[SourceTitle "BritBase"]
[Source "John Saunders"]
[SourceDate "2023.12.16"]
[SourceVersion "1"]
[SourceVersionDate "2023.12.16"]
[SourceQuality "1"]

1. e4 c5 2. Nf3 e6 3. Nc3 a6 4. d4 cxd4 5. Nxd4 Nc6 6. Be3 Qc7 7. Bd3 b5 8.
Nxc6 Qxc6 9. a3 Bb7 10. Qe2 Rc8 11. O-O Nf6 12. f4 Bc5 13. Bxc5 Qxc5+ 14. Kh1
d6 15. e5 Nd7 16. Be4 d5 17. Bd3 g6 18. a4 b4 19. Nb1 Qc6 20. Nd2 Nc5 21. Nf3
Nxd3 22. cxd3 Qc2 23. Qe3 d4 24. Qxd4 Bxf3 25. Rxf3 O-O 26. Qxb4 Rb8 27. Qe4
Rxb2 28. Rff1 Rd8 29. Rfc1 Qxd3 30. Qxd3 Rxd3 31. Rc4 Ra3 32. Rd1 Rba2 33. g3
Rb3 34. Rc6 Rbb2 35. Rxa6 Rxh2+ 36. Kg1 Rhg2+ 37. Kf1 Rxg3 38. Rd8+ Kg7 39. Rd7
Rf3+ 40. Ke1 Rh3 0-1

[Event "Aaronson Masters 1st"]
[Site "London"]
[Date "1978.03.24"]
[Round "2"]
[White "Soos, Bela"]
[Black "Whiteley, Andrew Jonathan"]
[Result "1/2-1/2"]
[WhiteElo "2425"]
[BlackElo "2385"]
[PlyCount "70"]
[EventDate "1978.03.23"]
[EventType "swiss"]
[EventRounds "10"]
[EventCountry "ENG"]
[SourceTitle "BritBase"]
[Source "John Saunders"]
[SourceDate "2023.12.16"]
[SourceVersion "1"]
[SourceVersionDate "2023.12.16"]
[SourceQuality "1"]

1. d4 d5 2. c4 c6 3. Nc3 Nf6 4. cxd5 cxd5 5. Bf4 Nc6 6. e3 e6 7. Bd3 Be7 8. h3
O-O 9. Nf3 Bd7 10. O-O Qb6 11. Qe2 Rfc8 12. Rac1 Qd8 13. Rfd1 g6 14. Bh2 Be8
15. Ne1 a6 16. Bb1 b5 17. Qf3 Bb4 18. Ne2 Na5 19. Be5 Be7 20. Bxf6 Bxf6 21. Nd3
Be7 22. Ne5 f6 23. Ng4 Rxc1 24. Rxc1 Rc8 25. Rd1 Nc4 26. Nf4 Rc6 27. e4 Nxb2
28. exd5 Rc3 29. Qe4 Nxd1 30. Nxg6 Rc1 31. Qxe6+ Kg7 32. Nxe7 Ne3+ 33. Kh2 Nf1+
34. Kg1 Ne3+ 35. Kh2 Nf1+ 1/2-1/2

[Event "Aaronson Masters 1st"]
[Site "London"]
[Date "1978.03.24"]
[Round "2"]
[White "Povah, Nigel Edward"]
[Black "Pettersson, Lars Erik"]
[Result "1-0"]
[WhiteElo "2350"]
[BlackElo "2325"]
[PlyCount "67"]
[EventDate "1978.03.23"]
[EventType "swiss"]
[EventRounds "10"]
[EventCountry "ENG"]
[SourceTitle "BritBase"]
[Source "John Saunders"]
[SourceDate "2023.12.16"]
[SourceVersion "1"]
[SourceVersionDate "2023.12.16"]
[SourceQuality "1"]

1. e4 e5 2. Nf3 Nc6 3. Bb5 a6 4. Ba4 Nf6 5. d4 exd4 6. O-O Be7 7. Re1 d6 8.
Nxd4 Bd7 9. Bxc6 bxc6 10. e5 dxe5 11. Nf3 e4 12. Ne5 O-O 13. Nxd7 Nxd7 14. Rxe4
Nf6 15. Rd4 Qc8 16. Nc3 Bc5 17. Rc4 Qf5 18. Qf3 Rfe8 19. Bf4 Bb6 20. Rxc6 Qxc2
21. Nd5 Qxf2+ 22. Qxf2 Bxf2+ 23. Kxf2 Nxd5 24. Bxc7 Rac8 25. Rac1 Nb4 26. Rd6
Nxa2 27. Rc4 Re6 28. Ba5 Rce8 29. Rxe6 fxe6 30. b4 Rb8 31. Ke2 e5 32. Kd3 g6
33. Kc2 Rf8 34. Kb2 1-0

[Event "Aaronson Masters 1st"]
[Site "London"]
[Date "1978.03.24"]
[Round "2"]
[White "Brown, Simon D"]
[Black "Cafferty, Bernard"]
[Result "1/2-1/2"]
[WhiteElo "2080"]
[BlackElo "2300"]
[PlyCount "66"]
[EventDate "1978.03.23"]
[EventType "swiss"]
[EventRounds "10"]
[EventCountry "ENG"]
[SourceTitle "BritBase"]
[Source "John Saunders"]
[SourceDate "2023.12.16"]
[SourceVersion "1"]
[SourceVersionDate "2023.12.16"]
[SourceQuality "1"]

1. d4 Nf6 2. Nc3 d5 3. Bg5 Bf5 4. f3 c6 5. Qd2 Nbd7 6. O-O-O e6 7. g4 Bg6 8. h4
h6 9. Bf4 Bb4 10. a3 Be7 11. h5 Bh7 12. g5 hxg5 13. Bxg5 Bg6 14. h6 Ng8 15.
Bxe7 Qxe7 16. e4 O-O-O 17. exd5 exd5 18. Re1 Qf6 19. h7 Rxh7 20. Rxh7 Bxh7 21.
b4 Qd6 22. Kb2 Ngf6 23. Qg5 Bg6 24. Nh3 Re8 25. Rxe8+ Nxe8 26. Nf4 Qf6 27. Qxf6
Ndxf6 28. Nxg6 fxg6 29. Bd3 g5 30. Nd1 Nd6 31. Ne3 Kd7 32. Nf5 g4 33. fxg4 Nxg4
{Source: StarBase 4.56} 1/2-1/2

[Event "Aaronson Masters 1st"]
[Site "London"]
[Date "1978.03.24"]
[Round "2"]
[White "Fuller, Maxwell L"]
[Black "Lobo, Richard C"]
[Result "1-0"]
[WhiteElo "2390"]
[BlackElo "2370"]
[PlyCount "63"]
[EventDate "1978.03.23"]
[EventType "swiss"]
[EventRounds "10"]
[EventCountry "ENG"]
[SourceTitle "BritBase"]
[Source "John Saunders"]
[SourceDate "2023.12.16"]
[SourceVersion "1"]
[SourceVersionDate "2023.12.16"]
[SourceQuality "1"]

1. b3 e5 2. Bb2 Nc6 3. e3 d6 4. Bb5 Bd7 5. f4 a6 6. Bxc6 Bxc6 7. Nf3 e4 8. Nd4
Bd7 9. O-O Nf6 10. c4 g6 11. Nc3 Bg7 12. Qc2 O-O 13. f5 Re8 14. fxg6 fxg6 15.
Rf4 c5 16. Nde2 g5 17. Rff1 b5 18. Ng3 b4 19. Ncxe4 Nxe4 20. Bxg7 Nxg3 21. hxg3
Kxg7 22. Rf7+ Kxf7 23. Qxh7+ Ke6 24. Rf1 d5 25. Qg6+ Ke5 26. d4+ cxd4 27. exd4+
Kxd4 28. Rd1+ Kc3 29. Qd3+ Kb2 30. Qd2+ Ka3 31. Qc1+ Kxa2 32. Qc2+ 1-0